[Event "SVK-chT 2425"]
[Site "Slovakia"]
[Date "2025.02.16"]
[Round "6.1"]
[White "Cernousek, Lukas"]
[Black "Mihok, Oliver"]
[Result "0-1"]
[WhiteElo "2425"]
[BlackElo "2526"]
[PlyCount "108"]
[EventDate "2024.11.23"]
[EventType "team-tourn"]
[EventRounds "11"]
[EventCountry "SVK"]
[SourceTitle "CB14_2025"]
[SourceDate "2024.11.01"]
[SourceVersion "1"]
[SourceVersionDate "2024.11.01"]
[SourceQuality "1"]
[WhiteTeam "Dubnica nad Vahom"]
[BlackTeam "Cebovce"]
[WhiteTeamCountry "SVK"]
[BlackTeamCountry "SVK"]

1. d4 Nf6 2. c4 d6 3. Nf3 g6 4. g3 Bg7 5. Bg2 0-0 6. Nc3 Nbd7 7. 0-0 e5 8. e4 exd4 9. Nxd4 Re8 10. h3 Nc5 11. Re1 a6 12. Qc2 Ne6 13. Be3 Ng4 14. hxg4 Nxd4 15. Qd1 c5 16. g5 Be6 17. Nd5 b5 18. Nf6+ Bxf6 19. gxf6 Qxf6 20. Bxd4 Qxd4 21. Qxd4 cxd4 22. cxb5 axb5 23. Red1 Ra4 24. b3 Ra3 25. Bf1 Rb8 26. Rxd4 Bxb3 27. Rb1 Bc2 28. Rb2 Ra4 29. Rxd6 Bxe4 30. Bxb5 Ra3 31. Rd4 Bf3 32. Rc4 Rd3 33. g4 Rd5 34. a4 h5 35. Rcb4 hxg4 36. Bf1 Rxb4 37. Rxb4 Rd1 38. Rb2 Ra1 39. a5 Rxa5 40. Bg2 Ra1+ 41. Kh2 Bxg2 42. Kxg2 Kg7 43. Rb7 Ra3 44. Rc7 Rf3 45. Ra7 Kh6 46. Ra5 f5 47. Rb5 Ra3 48. Rb4 Kg5 49. Rb5 Kh6 50. Rb4 g5 51. Rb2 f4 52. Rc2 Kh5 53. Rb2 g3 54. f3 g4 0-1

[Event "SVK-chT1W 2425"]
[Site "Slovakia"]
[Date "2025.02.02"]
[Round "7.1"]
[White "Mihok, Oliver"]
[Black "Plat, Vojtech"]
[Result "1/2-1/2"]
[WhiteElo "2526"]
[BlackElo "2459"]
[PlyCount "44"]
[EventDate "2024.11.16"]
[EventType "team-tourn"]
[EventRounds "11"]
[EventCountry "SVK"]
[SourceTitle "CB14_2025"]
[SourceDate "2024.11.01"]
[SourceVersion "1"]
[SourceVersionDate "2024.11.01"]
[SourceQuality "1"]
[WhiteTeam "Nitra NSK"]
[BlackTeam "Levice"]
[WhiteTeamCountry "SVK"]
[BlackTeamCountry "SVK"]

1. b3 e5 2. Bb2 Nc6 3. c4 g6 4. g3 Bg7 5. Bg2 Nge7 6. Nc3 0-0 7. a3 d6 8. e3 Be6 9. Nd5 Rb8 10. Ne2 b5 11. Qc2 bxc4 12. bxc4 Bf5 13. e4 Bg4 14. f3 Bd7 15. 0-0 Na5 16. Rab1 Nxc4 17. Qxc4 Bb5 18. Qc2 Nxd5 19. exd5 Bxe2 20. Rfc1 Ba6 21. Bc3 Rxb1 22. Rxb1 Qa8 1/2-1/2

[Event "SVK-chT1W 2425"]
[Site "Slovakia"]
[Date "2025.02.01"]
[Round "6.1"]
[White "Mazur, Stefan"]
[Black "Mihok, Oliver"]
[Result "1/2-1/2"]
[WhiteElo "2444"]
[BlackElo "2526"]
[PlyCount "37"]
[EventDate "2024.11.16"]
[EventType "team-tourn"]
[EventRounds "11"]
[EventCountry "SVK"]
[SourceTitle "CB14_2025"]
[SourceDate "2024.11.01"]
[SourceVersion "1"]
[SourceVersionDate "2024.11.01"]
[SourceQuality "1"]
[WhiteTeam "Trnava Sered"]
[BlackTeam "Nitra NSK"]
[WhiteTeamCountry "SVK"]
[BlackTeamCountry "SVK"]

1. e4 c5 2. Nf3 Nc6 3. Nc3 Nf6 4. Bb5 Nd4 5. e5 Nxb5 6. Nxb5 Nd5 7. Ng5 f6 8. Qf3 Nc7 9. exf6 exf6 10. Qe4+ Ne6 11. Nxh7 d5 12. Qg6+ Ke7 13. 0-0 Bd7 14. Nc3 Be8 15. Qf5 Nd4 16. Qd3 Bd7 17. Nxd5+ Kf7 18. Nxf8 Kxf8 19. Nf4 1/2-1/2

[Event "Budapest Spring op"]
[Site "Budapest"]
[Date "2024.05.30"]
[Round "8"]
[White "Niedbala, Bartlomiej"]
[Black "Mihok, Oliver"]
[Result "1/2-1/2"]
[WhiteElo "2399"]
[BlackElo "2528"]
[PlyCount "62"]
[EventDate "2024.05.20"]
[EventType "swiss"]
[EventRounds "9"]
[EventCountry "HUN"]
[SourceTitle "CBM 220 Extra"]
[Source "ChessBase"]
[SourceDate "2024.07.31"]
[SourceVersion "1"]
[SourceVersionDate "2024.07.31"]
[SourceQuality "1"]

1. e4 c5 2. Nf3 e6 3. d4 cxd4 4. Nxd4 Nc6 5. Nc3 Qc7 6. Be3 a6 7. Qf3 h5 8. Qg3 d6 9. f4 Nf6 10. Be2 Bd7 11. 0-0 h4 12. Qf2 Be7 13. Rad1 b5 14. a3 Rc8 15. h3 Nh5 16. Bxh5 Rxh5 17. f5 Ne5 18. Nce2 Qb7 19. Nf4 Rh6 20. Nd3 Nxd3 21. cxd3 Rh8 22. fxe6 Bxe6 23. Nf5 Rh7 24. Rc1 Kf8 25. Rxc8+ Bxc8 26. Bd4 Be6 27. Qf4 Qd7 28. Nxe7 Qxe7 29. Bc3 Kg8 30. Kh2 Rh6 31. Bd4 Rh5 1/2-1/2

[Event "Budapest Spring op"]
[Site "Budapest"]
[Date "2024.05.29"]
[Round "7"]
[White "Mihok, Oliver"]
[Black "Tadic, Stefan"]
[Result "1/2-1/2"]
[WhiteElo "2528"]
[BlackElo "2399"]
[PlyCount "39"]
[EventDate "2024.05.20"]
[EventType "swiss"]
[EventRounds "9"]
[EventCountry "HUN"]
[SourceTitle "CBM 220 Extra"]
[Source "ChessBase"]
[SourceDate "2024.07.31"]
[SourceVersion "1"]
[SourceVersionDate "2024.07.31"]
[SourceQuality "1"]

1. e4 e5 2. Nc3 Nf6 3. Bc4 Nxe4 4. Qh5 Nd6 5. Bb3 Be7 6. Qxe5 0-0 7. Nf3 Nc6 8. Qf4 Na5 9. 0-0 Nxb3 10. axb3 Re8 11. d4 b5 12. d5 Bf6 13. Be3 Bxc3 14. bxc3 Re4 15. Qg5 Qxg5 16. Nxg5 Re5 17. Nf3 Rxd5 18. Rxa7 Rxa7 19. Bxa7 Bb7 20. Re1 1/2-1/2

[Event "Budapest Spring op"]
[Site "Budapest"]
[Date "2024.05.24"]
[Round "2"]
[White "Filip, Lucian Ioan"]
[Black "Mihok, Oliver"]
[Result "1/2-1/2"]
[WhiteElo "2353"]
[BlackElo "2528"]
[PlyCount "96"]
[EventDate "2024.05.20"]
[EventType "swiss"]
[EventRounds "9"]
[EventCountry "HUN"]
[SourceTitle "CBM 220 Extra"]
[Source "ChessBase"]
[SourceDate "2024.07.31"]
[SourceVersion "1"]
[SourceVersionDate "2024.07.31"]
[SourceQuality "1"]

1. e4 Nf6 2. e5 Nd5 3. d4 d6 4. c4 Nb6 5. f4 g6 6. Nc3 Bg7 7. Be3 Be6 8. b3 dxe5 9. dxe5 Nc6 10. Nf3 f6 11. exf6 exf6 12. Nd4 Nxd4 13. Qxd4 Qe7 14. Qc5 Qxc5 15. Bxc5 0-0-0 16. Be3 Bg4 17. h3 f5 18. Rc1 Bh5 19. Be2 Rhe8 20. Kf2 Rxe3 21. Kxe3 Bd4+ 22. Kd3 Bxc3+ 23. Kxc3 Bxe2 24. Rhe1 Bh5 25. Re7 Nd7 26. Rxh7 Nf6 27. Re7 Ne4+ 28. Rxe4 fxe4 29. g4 Rd3+ 30. Kc2 Rf3 31. gxh5 gxh5 32. Kd2 Kd7 33. Rg1 Rxh3 34. Rg7+ Kd6 35. Rg6+ Kc5 36. Rg5+ Kb6 37. Re5 Rh2+ 38. Ke3 h4 39. Rh5 Rxa2 40. Rxh4 Rb2 41. f5 Rxb3+ 42. Kxe4 Kc6 43. f6 Kd7 44. Kf5 Rf3+ 45. Kg6 Rg3+ 46. Kf5 Rf3+ 47. Kg6 Rg3+ 48. Kf5 Rf3+ 1/2-1/2

[Event "HUN-chT 2324"]
[Site "Hungary"]
[Date "2024.05.11"]
[Round "8.1"]
[White "Sjugirov, Sanan"]
[Black "Mihok, Oliver"]
[Result "1/2-1/2"]
[WhiteElo "2705"]
[BlackElo "2555"]
[PlyCount "208"]
[EventDate "2023.10.28"]
[EventType "team-tourn"]
[EventRounds "9"]
[EventCountry "HUN"]
[SourceTitle "EXT 2025"]
[Source "ChessBase"]
[SourceDate "2024.10.14"]
[SourceVersion "1"]
[SourceVersionDate "2024.10.14"]
[SourceQuality "1"]
[WhiteTeam "Ajka Sentimento"]
[BlackTeam "Mako Duocor"]
[WhiteTeamCountry "HUN"]
[BlackTeamCountry "HUN"]

1. d4 Nf6 2. c4 g6 3. Nc3 Bg7 4. e4 d6 5. Be2 0-0 6. Be3 e5 7. d5 Na6 8. h4 Nc5 9. Qc2 c6 10. Bxc5 dxc5 11. h5 cxd5 12. h6 Bh8 13. Nxd5 Be6 14. Nf3 Ne8 15. Rd1 Bxd5 16. cxd5 Nd6 17. Nd2 Rc8 18. a4 a6 19. Nc4 Nxc4 20. Qxc4 Qd6 21. Kf1 Bf6 22. a5 Bd8 23. Ra1 Rc7 24. g3 f5 25. exf5 Rcf7 26. Kg2 gxf5 27. Rac1 Bxa5 28. Qxc5 Qxc5 29. Rxc5 Bb4 30. Rc4 Bd6 31. Rh5 Rf6 32. f3 Rg6 33. Kf2 Bb8 34. Bd1 Ba7+ 35. Kg2 Bb8 36. Rc3 e4 37. fxe4 fxe4 38. Rh4 Bd6 39. Be2 Rff6 40. Rxe4 Rxh6 41. Bg4 Rhg6 42. Bc8 Rf8 43. Re6 Kg7 44. Bxb7 Rb8 45. Bxa6 Rxb2+ 46. Kh3 Rd2 47. Bc4 Rd4 48. Bb3 Rb4 49. Bc2 Rxe6 50. dxe6 Kf6 51. Bb3 h6 52. Rf3+ Ke5 53. Ba2 Ra4 54. Bb3 Rb4 55. Kg2 Be7 56. Re3+ Re4 57. Rc3 Rb4 58. Kh3 Bg5 59. Ba2 Ra4 60. Rc2 Kd6 61. Re2 Ke7 62. Rc2 Kd6 63. Bc4 Ra1 64. Rc3 Ra4 65. Rd3+ Ke5 66. Bb3 Rb4 67. Rd5+ Kf6 68. Rd3 Ke5 69. Rf3 Ke4 70. Kg2 Ke5 71. Kf2 Rb6 72. Rd3 Rd6 73. Rc3 Rb6 74. Ke2 Rb4 75. Rf3 Rb6 76. Kf2 Rb4 77. Kg2 Rb6 78. Kh3 Rb4 79. Ba2 Ra4 80. Rf2 Kd6 81. Rc2 Ke7 82. Rc7+ Kd8 83. Rd7+ Ke8 84. Bb1 Be7 85. Rd5 Ra6 86. Bf5 Kf8 87. Kg4 Kg7 88. Rd1 Ra4+ 89. Kh3 Ra6 90. Bg4 h5 91. Bf5 Ra3 92. Kg2 Kf6 93. Bh3 Ra2+ 94. Kh1 Rf2 95. Rd5 Kg6 96. Kg1 Ra2 97. Rd7 Kf6 98. Rd1 Kg6 99. Kf1 Ra3 100. Kg2 h4 101. gxh4 Bxh4 102. Rf1 Ra2+ 103. Kf3 Ra3+ 104. Kg2 Ra2+ 1/2-1/2

[Event "Titled Tuesday intern op 07th May Late"]
[Site "Chess.com INT"]
[Date "2024.05.07"]
[Round "6"]
[White "Mihok, Oliver"]
[Black "Ghimoyan, Narek"]
[Result "0-1"]
[WhiteElo "2528"]
[BlackElo "2177"]
[PlyCount "56"]
[EventDate "2024.05.07"]
[EventType "swiss (blitz)"]
[EventRounds "11"]
[EventCountry "USA"]
[SourceTitle "EXT 2025"]
[Source "ChessBase"]
[SourceDate "2024.10.14"]
[SourceVersion "1"]
[SourceVersionDate "2024.10.14"]
[SourceQuality "1"]

1. e4 e6 2. d4 d5 3. Bd3 dxe4 4. Bxe4 Nf6 5. Bf3 c5 6. Ne2 Nc6 7. Be3 e5 8. Bxc6+ bxc6 9. dxe5 Qxd1+ 10. Kxd1 Ng4 11. Nd2 Be6 12. Nf3 0-0-0+ 13. Ke1 Be7 14. h3 Nxe3 15. fxe3 g5 16. g4 h5 17. Rg1 hxg4 18. hxg4 f6 19. Nc3 fxe5 20. Rd1 Rdf8 21. Nxe5 Rh6 22. Nxc6 Bf6 23. Kd2 Rh2+ 24. Kc1 Bxc3 25. bxc3 Rff2 26. Rd6 Rxc2+ 27. Kd1 Rxa2 28. Ke1 Bb3 0-1

[Event "Titled Tuesday intern op 07th May Late"]
[Site "Chess.com INT"]
[Date "2024.05.07"]
[Round "11"]
[White "Mihok, Oliver"]
[Black "Turcsanyi, Vince Gergo"]
[Result "1-0"]
[WhiteElo "2528"]
[BlackElo "2300"]
[PlyCount "134"]
[EventDate "2024.05.07"]
[EventType "swiss (blitz)"]
[EventRounds "11"]
[EventCountry "USA"]
[SourceTitle "EXT 2025"]
[Source "ChessBase"]
[SourceDate "2024.10.14"]
[SourceVersion "1"]
[SourceVersionDate "2024.10.14"]
[SourceQuality "1"]

1. e4 c6 2. d4 d5 3. Nd2 dxe4 4. Nxe4 Nf6 5. Nxf6+ exf6 6. c3 Bd6 7. Bd3 0-0 8. Ne2 Re8 9. Qc2 h5 10. 0-0 h4 11. Bf4 Na6 12. h3 Nc7 13. Qd2 Nd5 14. Bxd6 Qxd6 15. Rae1 b5 16. Nc1 Be6 17. f4 Nb6 18. Qf2 f5 19. Qxh4 g6 20. Re5 Kg7 21. Rfe1 Nd7 22. R5e2 Nf6 23. Nb3 Rh8 24. Qf2 Bxb3 25. axb3 c5 26. Re5 cxd4 27. Qxd4 Qxd4+ 28. cxd4 Rhd8 29. Bxb5 Rxd4 30. Re7 Rxf4 31. Bc4 Rf8 32. Rxa7 Ne4 33. Rd1 Ng5 34. Re7 Re4 35. Rdd7 Rxe7 36. Rxe7 Rd8 37. h4 Rd1+ 38. Kh2 Ne4 39. Rxf7+ Kh6 40. Re7 Nf2 41. Kg3 Ne4+ 42. Kf4 Rd2 43. Bg8 Rf2+ 44. Ke3 Kh5 45. Rxe4 Rxb2 46. Rd4 Rxg2 47. Bd5 Rg3+ 48. Kf2 Rc3 49. Bf3+ Kh6 50. b4 Rb3 51. Be2 Rb2 52. b5 Kg7 53. Rd6 Kf7 54. b6 Ke7 55. Rxg6 f4 56. h5 f3 57. Kxf3 Rb3+ 58. Kf2 Rb2 59. h6 Kf7 60. Rc6 Rb4 61. h7 Rh4 62. Bd3 Rh2+ 63. Ke3 Rh3+ 64. Kd2 Ke7 65. b7 Kd7 66. Rc8 Rh2+ 67. Kc3 Kd6 1-0

[Event "SVK-chT2C 2324"]
[Site "Slovakia"]
[Date "2024.03.17"]
[Round "11.1"]
[White "Milcova, Zuzana"]
[Black "Mihok, Oliver"]
[Result "0-1"]
[WhiteElo "2076"]
[BlackElo "2549"]
[PlyCount "62"]
[EventDate "2023.10.07"]
[EventType "team-tourn"]
[EventRounds "11"]
[EventCountry "SVK"]
[SourceTitle "EXT 2025"]
[Source "ChessBase"]
[SourceDate "2024.10.14"]
[SourceVersion "1"]
[SourceVersionDate "2024.10.14"]
[SourceQuality "1"]
[WhiteTeam "Martin Medea"]
[BlackTeam "Cebovce II"]
[WhiteTeamCountry "SVK"]
[BlackTeamCountry "SVK"]

1. e4 Nf6 2. e5 Nd5 3. d4 d6 4. exd6 cxd6 5. Nf3 g6 6. c4 Nb6 7. h3 Bg7 8. Bd3 Nc6 9. 0-0 0-0 10. d5 Nb4 11. Be2 Bd7 12. a4 a5 13. Ne1 Rc8 14. Qb3 Qc7 15. Bg5 h6 16. Bd2 Nxc4 17. Bxb4 axb4 18. Qxb4 Qb6 19. Nd3 Qxb4 20. Nxb4 Nxb2 21. Ra2 Nxa4 22. Bg4 f5 23. Bd1 Nc5 24. Re1 Bf6 25. Ra3 Ra8 26. Rg3 Kf7 27. Na3 Ne4 28. Rf3 Rfc8 29. Nac2 Nc3 30. Rfe3 Nxd1 31. Rxd1 Ba4 0-1

[Event "SVK-chT2C 2324"]
[Site "Slovakia"]
[Date "2024.03.16"]
[Round "10.1"]
[White "Mihok, Oliver"]
[Black "Manik, Mikulas"]
[Result "1/2-1/2"]
[WhiteElo "2549"]
[BlackElo "2329"]
[PlyCount "77"]
[EventDate "2023.10.07"]
[EventType "team-tourn"]
[EventRounds "11"]
[EventCountry "SVK"]
[SourceTitle "EXT 2025"]
[Source "ChessBase"]
[SourceDate "2024.10.14"]
[SourceVersion "1"]
[SourceVersionDate "2024.10.14"]
[SourceQuality "1"]
[WhiteTeam "Cebovce II"]
[BlackTeam "Dunajov Martin III"]
[WhiteTeamCountry "SVK"]
[BlackTeamCountry "SVK"]

1. e4 c5 2. Nf3 d6 3. d4 cxd4 4. Nxd4 Nf6 5. Nc3 g6 6. Be3 a6 7. f3 h5 8. Qd2 e5 9. Nb3 Be6 10. 0-0-0 Nbd7 11. Kb1 b5 12. g3 Rb8 13. Nd5 Bxd5 14. exd5 Nb6 15. Na5 Qc7 16. Bxb6 Rxb6 17. f4 Bh6 18. Bg2 0-0 19. Rhe1 Re8 20. Qb4 exf4 21. Rxe8+ Nxe8 22. Nc6 fxg3 23. Re1 Ng7 24. hxg3 Bg5 25. a3 Qd7 26. Qa5 Qc7 27. Qc3 Qd7 28. Qa5 Qc7 29. Qb4 Qd7 30. Rh1 Qc7 31. Bh3 f5 32. Re1 Qd7 33. Bg2 Qc7 34. Bf1 Rb7 35. Bd3 Kh7 36. Bf1 Rb6 37. Bg2 Rb7 38. Bf1 Rb6 39. Bg2 1/2-1/2

[Event "CZE-chT 2324"]
[Site "Czech Republic"]
[Date "2024.02.11"]
[Round "8.3"]
[White "Mihok, Oliver"]
[Black "Sulypa, Oleksandr"]
[Result "1/2-1/2"]
[WhiteElo "2555"]
[BlackElo "2451"]
[PlyCount "72"]
[EventDate "2023.10.14"]
[EventType "team-tourn"]
[EventRounds "11"]
[EventCountry "CZE"]
[SourceTitle "EXT 2025"]
[Source "ChessBase"]
[SourceDate "2024.10.14"]
[SourceVersion "1"]
[SourceVersionDate "2024.10.14"]
[SourceQuality "1"]
[WhiteTeam "Ingem Line"]
[BlackTeam "Praha Dopravni Podnik"]
[WhiteTeamCountry "CZE"]
[BlackTeamCountry "CZE"]

1. e4 e5 2. Nf3 Nc6 3. Nc3 Nf6 4. h3 Bb4 5. Nd5 Be7 6. d3 0-0 7. c3 d6 8. Nxe7+ Qxe7 9. Be2 a5 10. 0-0 d5 11. Qc2 h6 12. Re1 Be6 13. Bf1 Rfe8 14. b3 Nd7 15. d4 dxe4 16. Nxe5 Ncxe5 17. dxe5 Bd5 18. Bb5 c6 19. Bf1 Qxe5 20. Bb2 Qf5 21. c4 Be6 22. Qxe4 Qxe4 23. Rxe4 a4 24. Rd1 axb3 25. axb3 Ra2 26. Bd4 Rea8 27. Re3 g6 28. g4 Nf8 29. Bf6 R2a3 30. Red3 Rc8 31. Bg2 Raa8 32. f4 Re8 33. Kh2 Nh7 34. Bc3 f5 35. Rd6 Kf7 36. Bb4 fxg4 1/2-1/2

[Event "SVK-chT1W 2324"]
[Site "Slovakia"]
[Date "2024.02.04"]
[Round "9.1"]
[White "Piesik, Piotr"]
[Black "Mihok, Oliver"]
[Result "0-1"]
[WhiteElo "2426"]
[BlackElo "2548"]
[PlyCount "76"]
[EventDate "2023.10.21"]
[EventType "team-tourn"]
[EventRounds "11"]
[EventCountry "SVK"]
[SourceTitle "EXT 2025"]
[Source "ChessBase"]
[SourceDate "2024.10.14"]
[SourceVersion "1"]
[SourceVersionDate "2024.10.14"]
[SourceQuality "1"]
[WhiteTeam "Dubnica nad Vahom II"]
[BlackTeam "Nitra NSK"]
[WhiteTeamCountry "SVK"]
[BlackTeamCountry "SVK"]

1. d4 Nf6 2. c4 g6 3. Nc3 Bg7 4. e4 d6 5. Nf3 0-0 6. Be2 e5 7. d5 a5 8. Bg5 h6 9. Bh4 Na6 10. Nd2 Bd7 11. 0-0 Nc5 12. b3 Nfxe4 13. Bxd8 Nxc3 14. Bxc7 Nxd1 15. Raxd1 Ra6 16. a3 Rc8 17. Bxa5 Rxa5 18. b4 Rxa3 19. bxc5 dxc5 20. Ne4 b6 21. Ra1 Rca8 22. Rxa3 Rxa3 23. Rb1 Ra6 24. f3 f5 25. Nf2 Bf6 26. Nd3 e4 27. fxe4 fxe4 28. Nf2 Bd4 29. Kf1 e3 30. Ne4 Bf5 31. Bf3 Ra2 32. Rc1 h5 33. h3 h4 34. Ke1 Be5 35. Nc3 Rd2 36. Be2 Kf7 37. Nb1 Ra2 38. Nc3 Ra1 0-1